000 00747nam a2200265Ia 4500
003 OSt
005 20220927102935.0
006 a|||||r|||| 00| 0
007 ta
008 220926b |||||||| |||| 00| 0 eng d
024 _a56521
037 _cReference Collections
040 _aRTL
_cRTL
_beng
041 _2eng
_aeng
082 _a"X:91, K0/UN"
110 _aInternational Labour Office
_9351263
245 0 _aJob evaluation.
260 _aGeneva
_bILO
_c1960
300 _a"vi, 146p."
_ccm.
490 _a"Its, Studies and Reports, New Series. 56"
650 _aJob Evaluation
_9351264
700 _aInternational Labour Office
_9351265
942 _h"X:91, K0/UN"
_cCC
999 _c679413
_d679413